[Event "13th BCC Open 2013"]
[Site "Pattaya THA"]
[Date "2013.04.20"]
[Round "8.5"]
[White "Wan Yunguo"]
[Black "Lu Shanglei"]
[Result "1-0"]
[WhiteElo "2494"]
[BlackElo "2562"]

1.e4 c5 2.Nf3 Nc6 3.d4 cxd4 4.Nxd4 Nf6 5.Nc3 d6 6.Bg5 e6 7.Qd2 a6 8.O-O-O h6
9.Be3 Qc7 10.f3 Ne5 11.Kb1 Be7 12.Be2 Nfd7 13.g4 Nb6 14.b3 g5 15.h4 Rg8 16.hxg5 hxg5
17.Rh5 Bd7 18.Rdh1 O-O-O 19.Nf5 Bf6 20.Nxd6+ Kb8 21.Qd4 Nc8 22.Nxc8 Nxg4
23.Qa7+ Kxc8 24.Bb6 Qb8 25.Qxb8+ Kxb8 26.Bxd8 Rxd8 27.fxg4 Bxc3 28.Rxg5 Bc6
29.Bd3  1-0

[Event "48th Capablanca Open II 2013"]
[Site "Havana CUB"]
[Date "2013.04.22"]
[Round "2.25"]
[White "Alvarez Leyva,H"]
[Black "Guillen Napoles,J"]
[Result "1-0"]
[WhiteElo "2095"]
[BlackElo "2150"]

1.e4 c5 2.Nf3 d6 3.d4 Nf6 4.Nc3 cxd4 5.Nxd4 Nc6 6.Bg5 Bd7 7.Be2 Qa5 8.Bxf6 gxf6
9.Nb3 Qg5 10.g3 f5 11.f4 Qg7 12.Bd3 fxe4 13.Bxe4 O-O-O 14.Qe2 f5 15.Bf3 e5
16.fxe5 dxe5 17.O-O-O h5 18.Bxc6 Bxc6 19.Rxd8+ Kxd8 20.Rd1+ Kc8 21.Na5 Be8
22.Rd5 Qh6+ 23.Kb1 Bg7 24.Qc4+ Bc6 25.Nxc6 bxc6 26.Qa6+ Kb8 27.Rd7 Qe3 28.Qb7+  1-0

[Event "48th Capablanca Open II 2013"]
[Site "Havana CUB"]
[Date "2013.04.22"]
[Round "2.30"]
[White "Cuenca Gomez,Jesus"]
[Black "Docampo Beltran,Dexter"]
[Result "0-1"]
[WhiteElo "1953"]
[BlackElo "2204"]

1.e4 c5 2.Nf3 d6 3.d4 cxd4 4.Nxd4 Nf6 5.Nc3 Nc6 6.Bg5 e6 7.f4 a6 8.e5 dxe5
9.Nxc6 Qxd1+ 10.Rxd1 bxc6 11.fxe5 Nd5 12.Ne4 h6 13.Bh4 Bb7 14.c4 Ne3 15.Rd3 Nxc4
16.Rb3 Na5 17.Rb6 c5 18.Nd6+ Bxd6 19.exd6 Kd7 20.Bf2 Rhc8 21.a3 Rab8 22.Bxa6 Bxa6
23.Rxa6 Rxb2 24.Rxa5 Rb1+ 25.Ke2 Rxh1 26.Bg3 e5 27.Bxe5 Re8 28.Ra7+ Ke6 29.Bg3 Rg1
30.Rc7 Rxg2+ 31.Kd3 Rxg3+ 32.hxg3 Ra8 33.Kc4 Rxa3 34.Kxc5 Rc3+ 35.Kb6 Rxg3
36.d7 Rd3 37.Kc6 Rd1  0-1

[Event "Nakhchivan Open A 2013"]
[Site "Nakhchivan AZE"]
[Date "2013.04.22"]
[Round "1.9"]
[White "Abdulov,Or"]
[Black "Mchedlishvili,M"]
[Result "0-1"]
[WhiteElo "2371"]
[BlackElo "2640"]

1.e4 c5 2.Nf3 d6 3.d4 cxd4 4.Nxd4 Nf6 5.Nc3 Nc6 6.Bg5 e6 7.Qd2 Qb6 8.O-O-O a6
9.f4 Bd7 10.e5 dxe5 11.Nxc6 Bxc6 12.fxe5 Nd7 13.Ne4 Qb4 14.Nd6+ Bxd6 15.exd6 Qxd2+
16.Rxd2 Rc8 17.h4 Nc5 18.Rd4 e5 19.Rc4 Ne4 20.Be2 Nxd6 21.Rc5 f6 22.Bh5+ Kf8
23.Be3 Ke7 24.Rd1 Nf5 25.Bd2 g6 26.Bb4 Kf7 27.Be2 Nxh4 28.Rxc6 Rxc6 29.Rd7+ Ke6
30.Re7+ Kf5 31.g3 Ng2 32.Bf3 Ne3 33.Kd2 Nd5 34.Bxd5 Rd8 35.Ke3 Rxd5 36.Kf3 h5  0-1

[Event "ch-LTU 2013"]
[Site "Vilnius LTU"]
[Date "2013.04.22"]
[Round "4.4"]
[White "Malisauskas,V"]
[Black "Stremavicius,T"]
[Result "1-0"]
[WhiteElo "2459"]
[BlackElo "2202"]

1.e4 c5 2.Nf3 Nc6 3.d4 cxd4 4.Nxd4 Nf6 5.Nc3 d6 6.Bg5 Bd7 7.Qd2 Rc8 8.f4 Nxd4
9.Qxd4 Qa5 10.e5 dxe5 11.fxe5 e6 12.O-O-O Bc6 13.Nb5 Bxb5 14.exf6 Bc6 15.h4 g6
16.Bc4 Qc5 17.Qd3 Qf5 18.Qb3 b5 19.Bxe6 fxe6 20.Rhf1 Kf7 21.Rxf5 gxf5 22.Qe3 Be4
23.Qxa7+ Kg6 24.Rd2 h6 25.Be3 e5 26.Qd7 Bb4 27.Qg7+ Kh5 28.Qf7+ Kxh4 29.Bf2+ Kg5
30.c3 Rhg8 31.a3 Ba5 32.Qe7 Bd8 33.Qxe5 Bxf6 34.Be3+ Kg6 35.Rd6 Rgf8 36.Bd4 Rc6
37.Rxc6  1-0

[Event "77th ch-BUL 2013"]
[Site "Bankya BUL"]
[Date "2013.04.24"]
[Round "10.3"]
[White "Ninov,N"]
[Black "Kozhuharov,S"]
[Result "1/2-1/2"]
[WhiteElo "2504"]
[BlackElo "2467"]

1.e4 c5 2.Nf3 d6 3.d4 cxd4 4.Nxd4 Nf6 5.Nc3 Nc6 6.Bg5 e6 7.Qd2 a6 8.O-O-O Nxd4
9.Qxd4 Be7 10.f4 b5 11.Bxf6 gxf6 12.f5 Qc7 13.Be2 Qc5 14.fxe6 fxe6 15.Qxc5 dxc5
16.Bh5+ Kf8 17.e5 f5 18.g4 Ra7 19.gxf5 exf5 20.Nd5 Bg5+ 21.Kb1 Be6 22.h4 Rd7
23.Nc7 Rxc7 24.hxg5 Rd7 25.Kc1 Rxd1+ 26.Bxd1 Rg8 27.Rh6 Rg6 28.Rxh7 Rxg5
29.Ra7 f4 30.Rxa6 Rxe5 31.a4 bxa4 32.Rxa4 c4 33.Kd2 Rd5+ 34.Ke1 Rb5 35.b3 cxb3
36.Rxf4+ Ke7 37.cxb3 Bxb3 38.Bxb3 Rxb3 39.Kd2 Rb6 40.Re4+ Re6 41.Kd3 Rxe4
42.Kxe4  1/2-1/2

[Event "48th Capablanca Open I 2013"]
[Site "Havana CUB"]
[Date "2013.04.24"]
[Round "4.17"]
[White "Garcia Pantoja,R"]
[Black "Larrua Gonzalez,F"]
[Result "1-0"]
[WhiteElo "2425"]
[BlackElo "2295"]

1.e4 c5 2.Nf3 d6 3.d4 cxd4 4.Nxd4 Nf6 5.Nc3 Nc6 6.Bg5 e6 7.Qd2 Be7 8.O-O-O Nxd4
9.Qxd4 O-O 10.f4 Qa5 11.Bb5 Rd8 12.e5 dxe5 13.Qxe5 h6 14.Bh4 Rxd1+ 15.Rxd1 Nd7
16.Rxd7 Bxh4 17.Rxf7 Kxf7 18.Be8+ Kxe8 19.Qxa5 Bf2 20.Qe5  1-0

[Event "Maharashtra Chess League 2013"]
[Site "Pune IND"]
[Date "2013.04.25"]
[Round "3"]
[White "Narayanan,Sri"]
[Black "Bartakke,A"]
[Result "1-0"]
[WhiteElo "2440"]
[BlackElo "2200"]

1.e4 c5 2.Nf3 d6 3.d4 cxd4 4.Nxd4 Nf6 5.Nc3 Nc6 6.Bg5 Qb6 7.Nb3 e6 8.Bd3 Be7
9.O-O a6 10.Qd2 O-O 11.Rae1 Qc7 12.Re3 Re8 13.Rg3 Ne5 14.f4 Nxd3 15.cxd3 Nh5
16.Rh3 Bxg5 17.fxg5 g6 18.Qf2 Qe7 19.g4 e5 20.Nd5 Qf8 21.Qh4 h6 22.gxh5 hxg5
23.Nf6+ Kh8 24.Qg3 Bxh3 25.Qxh3 Qh6 26.Nxe8 Rxe8 27.Rxf7 gxh5 28.Qf5 Kg8
29.Rf6  1-0

[Event "48th Capablanca Open I 2013"]
[Site "Havana CUB"]
[Date "2013.04.27"]
[Round "6.2"]
[White "Fernandez Cardoso,A"]
[Black "Morovic Fernandez,I"]
[Result "1/2-1/2"]
[WhiteElo "2453"]
[BlackElo "2560"]

1.e4 c5 2.Nf3 d6 3.d4 cxd4 4.Nxd4 Nf6 5.Nc3 Nc6 6.Bg5 e6 7.Qd2 Be7 8.O-O-O a6
9.f4 Nxd4 10.Qxd4 b5 11.Bxf6 gxf6 12.e5 d5 13.Bd3 Bb7 14.f5 fxe5 15.Qxe5 Bf6
16.Qe2 Qd6 17.fxe6 fxe6 18.Rhf1 Ke7 19.Qh5 Raf8 20.Rde1 Kd7 21.Qh3 Bc8 22.Kb1 Kc6
23.Nd1 Bg5 24.a4 bxa4 25.Rxf8 Rxf8 26.Bxa6 Bd7 27.Nc3 Rb8 28.Qg4 Bd2 29.Nb5 Qf4
30.Nd4+ Kc5 31.Qxf4 Bxf4 32.Nxe6+ Bxe6 33.Rxe6 Bxh2 34.Bd3 h5 35.Ka2 Bf4  1/2-1/2

[Event "TCh-SUI 2013"]
[Site "Switzerland SUI"]
[Date "2013.04.28"]
[Round "2.2"]
[White "Hommeles,T"]
[Black "Miralles,G"]
[Result "0-1"]
[WhiteElo "2420"]
[BlackElo "2472"]

1.e4 c5 2.Nf3 d6 3.d4 cxd4 4.Nxd4 Nf6 5.Nc3 Nc6 6.Bg5 Qb6 7.Nb3 e6 8.Bd3 Be7
9.O-O Bd7 10.Qe2 h6 11.Be3 Qc7 12.f4 h5 13.h3 h4 14.e5 dxe5 15.Nb5 Qb8 16.fxe5 Qxe5
17.Qf2 Qb8 18.Bf4 e5 19.Bh2 a6 20.N5d4 Bd6 21.Rae1 Kf8 22.Nf3 Qc7 23.Nxh4 Na5
24.Kh1 Nxb3 25.axb3 Bc6 26.Nf5 Rxh3 27.Qe2 e4 28.gxh3 exd3+  0-1

[Event "48th Capablanca Open I 2013"]
[Site "Havana CUB"]
[Date "2013.04.29"]
[Round "8.27"]
[White "Morales Romero,P"]
[Black "Rosabal,Y"]
[Result "0-1"]
[WhiteElo "2366"]
[BlackElo "2301"]

1.e4 c5 2.Nf3 Nc6 3.d4 cxd4 4.Nxd4 Nf6 5.Nc3 d6 6.Bg5 e6 7.Bb5 Bd7 8.Bxc6 bxc6
9.Qf3 Qa5 10.Bxf6 gxf6 11.O-O Rg8 12.Rad1 Rb8 13.e5 d5 14.exf6 Rg6 15.Rfe1 Rxb2
16.Rb1 Rxb1 17.Rxb1 Bd6 18.g3 Qd8 19.Rb7 Qxf6 20.Qe3 Qe5 21.Rxa7 Qxe3 22.fxe3 e5
23.Nb3 Bh3 24.Nd1 Rf6 25.Nf2 Bf5 26.c3 c5 27.Ra5 c4 28.Nd2 Bc7 29.Rxd5 Rc6
30.e4 Be6 31.Rb5 Bb6 32.Kg2 Rd6 33.Nf3 f6 34.a4 Be3 35.Rb7 Rb6 36.Rxb6 Bxb6
37.Nd1 Kd7 38.h3 Kd6 39.g4 h6 40.Nd2 Kc5 41.Nf1 Bd7 42.Nb2 Ba5 43.Ne3 Bxc3
44.Nbxc4 Bxa4 45.Kf3 Bc6 46.h4 Bb5 47.Na3 Bd3 48.Nac2 Bd2 49.h5 Kb5 50.Kf2 Bxe4
51.Ke2 Bc3 52.Ne1 Bxe1 53.Kxe1 Kc5 54.g5 fxg5 55.Kf2 Bd5 56.Ng4 Bf7 57.Nxh6 Bxh5
58.Ke3 Kd5 59.Nf5 Bg4 60.Ng3 Ke6 61.Ne4 Kf5 62.Nd6+ Kf6 63.Ke4 Bh5 64.Ke3 Bg6
65.Kf3 Ke6 66.Nc4 Bf5 67.Ne3 e4+ 68.Kg3 Kf6 69.Nc4 Be6 70.Ne3 Ke5 71.Kf2 Kd4
72.Ke2 g4 73.Nc2+ Ke5 74.Ne3 Kf4 75.Ng2+ Kg3 76.Ne1 Bc4+ 77.Ke3 Bd3  0-1

[Event "48th Capablanca Open II 2013"]
[Site "Havana CUB"]
[Date "2013.04.29"]
[Round "8.39"]
[White "Morales Marmol,Marcos Antonio"]
[Black "Hernandez,Holm"]
[Result "1/2-1/2"]
[WhiteElo "1985"]
[BlackElo "2114"]

1.e4 c5 2.Nf3 d6 3.d4 cxd4 4.Nxd4 Nf6 5.Nc3 Nc6 6.Bg5 e6 7.Qd2 a6 8.f3 Be7
9.O-O-O O-O 10.h4 Nxd4 11.Qxd4  1/2-1/2

[Event "48th Capablanca Open I 2013"]
[Site "Havana CUB"]
[Date "2013.04.29"]
[Round "8.2"]
[White "Jimenez Fraga,P"]
[Black "Morovic Fernandez,I"]
[Result "0-1"]
[WhiteElo "2441"]
[BlackElo "2560"]

1.e4 c5 2.Nf3 d6 3.d4 cxd4 4.Nxd4 Nf6 5.Nc3 Nc6 6.Bg5 e6 7.Qd2 Be7 8.O-O-O Nxd4
9.Qxd4 O-O 10.f3 a6 11.h4 b5 12.Kb1 Bb7 13.g4 Rc8 14.Be3 d5 15.g5 Nh5 16.exd5 Ng3
17.d6 Bxd6 18.Rh3 Nxf1 19.Rxf1 Qc7 20.Qd2 Bb4 21.h5 Rfd8 22.Qe1 Bd5 23.h6 Qa5
24.Bd4 Bxc3 25.bxc3 Qa3 26.c4 Bxc4 27.Bb2 Qxa2+ 28.Kc1 Bd3  0-1

[Event "Nakhchivan Open A 2013"]
[Site "Nakhchivan AZE"]
[Date "2013.04.29"]
[Round "7.21"]
[White "Guliev,L"]
[Black "Rahmanov,S"]
[Result "1-0"]
[WhiteElo "2401"]
[BlackElo "2230"]

1.e4 c5 2.Nf3 d6 3.d4 cxd4 4.Nxd4 Nf6 5.Nc3 Nc6 6.Bg5 e6 7.Qd2 a6 8.O-O-O Bd7
9.f4 Be7 10.Nf3 b5 11.Bxf6 gxf6 12.Kb1 b4 13.Ne2 Na5 14.Ned4 Qb6 15.Bd3 Nc6
16.Nxc6 Bxc6 17.f5 Qc5 18.fxe6 fxe6 19.Qe2 a5 20.Bc4 Bd7 21.Nd4 Qe5 22.Qg4 Kf7
23.Nf3 Qc5 24.e5 h5 25.Qf4 Rag8 26.h3 d5 27.exf6 Bd6 28.Ne5+ Bxe5 29.Qxe5 Rxg2
30.Bd3 a4 31.Rc1 a3 32.Rcd1 Rh6 33.Be4 Rg8 34.Rhf1 Ba4 35.Bd3 axb2 36.Rde1 Bd7
37.Re2 Rg1 38.Ree1 Rg8 39.Be2 Rc8 40.Bd3 b3 41.cxb3 Qc3 42.Qg3 Rxf6 43.Qg6+ Ke7
44.Qg7+ Kd6 45.Qxf6 Qxd3+ 46.Kxb2 Rc2+ 47.Ka1 Qc3+ 48.Qxc3 Rxc3 49.Kb2 Rxh3
50.Rh1 Rf3 51.Rxh5 Rf2+ 52.Ka3 Rc2 53.b4 Rc3+ 54.Kb2 Rc4 55.a3 Ba4 56.Rhe5 Bd7
57.Kb3 Rd4 58.R5e3 Rf4 59.a4 Rf5 60.a5 d4 61.Re4 e5 62.a6 Bc6 63.Rh4 Rf3+
64.Kb2 Rf2+ 65.Kb1 Rf3 66.Rh6+ Kd5 67.Rc1 Bd7 68.a7 Ra3 69.Rc5+ Ke4 70.Ra5  1-0

[Event "Zonal 2.4 Absoluto 2013"]
[Site "Manaus BRA"]
[Date "2013.05.02"]
[Round "8.2"]
[White "Fier,A"]
[Black "Vera Siguenas,D"]
[Result "1/2-1/2"]
[WhiteElo "2604"]
[BlackElo "2427"]

1.e4 c5 2.Nf3 d6 3.d4 cxd4 4.Nxd4 Nf6 5.Nc3 Nc6 6.Bg5 e6 7.Qd2 a6 8.O-O-O Bd7
9.f4 h6 10.Bh4 Nxe4 11.Qe1 Nf6 12.Nf5 Qa5 13.Nxd6+ Bxd6 14.Rxd6 O-O-O 15.Rd2 g5
16.fxg5 hxg5 17.Bg3 Nh5 18.Bd6 f5 19.Bc4 Rhe8 20.Qf2 b5 21.b4 Qa3+ 22.Kb1 Kb7
23.Bb3 Bc8 24.Rhd1 Nf6 25.Ka1 Rxd6 26.Rxd6 Qxb4 27.R1d3 Re7 28.Kb2 Ng4 29.Qe2 Nge5
30.Ka1 Nxd3 31.Rxd3 Qc5 32.Qd2 g4 33.a4 b4 34.Ne2 Rc7 35.Ka2 e5 36.Nc1 Na5
37.Bd5+ Ka7 38.Nb3 Nxb3 39.Bxb3 Bb7 40.g3 Bc6 41.Rd8 Kb7 42.Kb1 Qe7 43.a5 Qc5
44.Bd5 Qxa5 45.Bxc6+ Rxc6 46.Rd5 Rc5 47.Rd7+ Kc8 48.Rd6 Qb5 49.Qg5 Kb7 50.Qxf5 Qc4
51.Re6 b3 52.Re7+ Kb6 53.Qe6+ Qxe6 54.Rxe6+ Rc6 55.Rxe5 Rxc2 56.Re3 Rxh2
57.Rxb3+ Kc5 58.Ra3 Kb5 59.Rb3+ Ka5 60.Ra3+ Kb5 61.Rb3+ Kc4 62.Ra3 Kb5  1/2-1/2

[Event "Mukachevo Rating 18 2013"]
[Site "Mukachevo UKR"]
[Date "2013.05.05"]
[Round "9.2"]
[White "Nayhebaver,Martin"]
[Black "Sharapov,E"]
[Result "0-1"]
[WhiteElo "2218"]
[BlackElo "2411"]

1.e4 c5 2.Nf3 d6 3.d4 cxd4 4.Nxd4 Nf6 5.Nc3 Nc6 6.Bg5 Qb6 7.Nb3 e6 8.Qd2 Be7
9.f3 O-O 10.O-O-O Rd8 11.Kb1 a6 12.g4 Qc7 13.Bf4 Ne5 14.Qg2 b5 15.g5 Nfd7
16.h4 b4 17.Ne2 a5 18.Nbd4 Nf8 19.Nc1 a4 20.h5 a3 21.Qg3 axb2 22.Kxb2 Ba6
23.Bxa6 Rxa6 24.Bxe5 dxe5 25.Ndb3 Rc6 26.Qg2 Nd7 27.g6 fxg6 28.hxg6 h6 29.Kb1 Ra8
30.Rd3 Nb6 31.Rhd1 Na4 32.Rd7 Nc3+ 33.Kb2 Nxd1+ 34.Rxd1 Rc8 35.Rd2 Bg5 36.Re2 Rd6
37.Qg4 Rc6 38.Qg2 Rd6 39.Qg4 Qc3+ 40.Kb1 Bd2 41.Rxd2 Rxd2 42.Qxe6+ Kh8 43.Nxd2 Qxc2+
44.Ka1 Qc3+  0-1

[Event "31st Liechtenstein Open 2013"]
[Site "Triesen LIE"]
[Date "2013.05.06"]
[Round "4.19"]
[White "Bahl,Felix"]
[Black "Schaefer,Mi1"]
[Result "1/2-1/2"]
[WhiteElo "1989"]
[BlackElo "2172"]

1.e4 c5 2.Nf3 Nc6 3.d4 cxd4 4.Nxd4 Nf6 5.Nc3 d6 6.Bg5 e6 7.Qd2 a6 8.O-O-O Bd7
9.f3 Be7 10.h4 Rc8 11.Kb1 b5 12.Nxc6 Rxc6 13.Bd3 O-O 14.g4 Bc8 15.Be3 Nd7
16.f4 Nb6 17.g5 Nc4 18.Bxc4 Rxc4 19.b3 Rc6 20.Ne2 Bb7 21.h5 Qb8 22.Qd4 Rfc8
23.c3 a5 24.f5 a4 25.h6 e5 26.Qd3 axb3 27.axb3 Ra6 28.Nc1 Qa8 29.Rh4 g6 30.fxg6 fxg6
31.Rf1  1/2-1/2

[Event "Oceania Open zt 2013"]
[Site "Nadi FIJ"]
[Date "2013.05.08"]
[Round "7.4"]
[White "Mandla,B"]
[Black "Johansen,D"]
[Result "0-1"]
[WhiteElo "2123"]
[BlackElo "2430"]

1.e4 c5 2.Nf3 Nc6 3.d4 cxd4 4.Nxd4 Nf6 5.Nc3 d6 6.Bg5 e6 7.Qd2 a6 8.O-O-O h6
9.Nxc6 bxc6 10.Bf4 d5 11.Qe3 Be7 12.Be2 a5 13.h4 a4 14.Qg3 Kf8 15.a3 Bb7
16.Qf3 Qb6 17.g4 Nxe4 18.Nxe4 dxe4 19.Qc3 Qxf2 20.Be5 f6 21.Rd7 Qxe2 22.Rxe7 Kxe7
23.Qb4+ Kf7 24.Qxb7+ Kg6 25.h5+ Kh7 26.Bxf6 Qe3+ 27.Kb1 Ra7 28.Qxc6 gxf6
29.Rd1 Rf8 30.Qxe6 Rg7 31.Rd5 Qf4 32.Rd4 Qe5 33.Qc4 Re7  0-1

[Event "Somov Memorial 2013"]
[Site "Kirishi RUS"]
[Date "2013.05.10"]
[Round "2.1"]
[White "Akhmetov,Ay"]
[Black "Eliseev,U"]
[Result "1/2-1/2"]
[WhiteElo "2318"]
[BlackElo "2557"]

1.e4 c5 2.Nf3 Nc6 3.d4 cxd4 4.Nxd4 Nf6 5.Nc3 d6 6.Bg5 e6 7.Qd2 a6 8.O-O-O h6
9.Nxc6 bxc6 10.Bf4 d5 11.Qe3 Bb4 12.Be2 O-O 13.e5 Nd7 14.Bxh6 Bxc3 15.Bxg7 Kxg7
16.Qg3+ Kh6 17.Qh3+ Kg7 18.Qg4+ Kh6  1/2-1/2

[Event "Somov Memorial 2013"]
[Site "Kirishi RUS"]
[Date "2013.05.12"]
[Round "4.2"]
[White "Golubov,Saveliy"]
[Black "Eliseev,U"]
[Result "0-1"]
[WhiteElo "2251"]
[BlackElo "2557"]

1.e4 c5 2.Nf3 d6 3.d4 Nf6 4.Nc3 cxd4 5.Nxd4 Nc6 6.Bg5 e6 7.Qd2 a6 8.O-O-O Bd7
9.f3 b5 10.Nxc6 Bxc6 11.Ne2 Be7 12.Be3 Qc7 13.Nd4 Bb7 14.Kb1 O-O 15.h4 Nd7
16.Nb3 Rac8 17.h5 d5 18.exd5 Bxd5 19.Bf4 Qb7 20.Bd3 Rfd8 21.h6 g6 22.Bg5 f6
23.Bf4 Nb6 24.Na5 Qd7 25.Qe1 e5 26.Be3 Qc7 27.Qf2 Na4 28.Nb3 f5 29.c3 Qc6
30.Qe1 Bf6 31.Bf2 b4 32.Na5 Qc7 33.cxb4 Nxb2 34.Kxb2 e4+ 35.Ka3 Bc3 36.Qe3 Bxb4+
37.Kxb4 Rb8+ 38.Ka4 Bc6+ 39.Nxc6 Qxc6+ 40.Ka5 Qc3+  0-1

[Event "Somov Memorial 2013"]
[Site "Kirishi RUS"]
[Date "2013.05.13"]
[Round "6.3"]
[White "Codenotti,M"]
[Black "Eliseev,U"]
[Result "0-1"]
[WhiteElo "2385"]
[BlackElo "2557"]

1.e4 c5 2.Nf3 d6 3.d4 Nf6 4.Nc3 cxd4 5.Nxd4 Nc6 6.Bg5 e6 7.Qd2 a6 8.O-O-O Bd7
9.f4 b5 10.Bxf6 gxf6 11.g3 Qb6 12.Nce2 Na5 13.Kb1 Nc4 14.Qd3 Be7 15.c3 O-O
16.Nc2 Rfc8 17.f5 a5 18.fxe6 fxe6 19.Qd4 Qc7 20.Ne3 e5 21.Qd5+ Kh8 22.Nxc4 bxc4
23.Nc1 Rab8 24.Rd2 Rb5 25.Qf7 Bg4 26.Be2 Bxe2 27.Rxe2 Rf8 28.Qh5 Rfb8 29.Rd1 Qb6
30.Rdd2 d5  0-1

[Event "Somov Memorial 2013"]
[Site "Kirishi RUS"]
[Date "2013.05.16"]
[Round "9.5"]
[White "Golubov,Saveliy"]
[Black "Aravindh,Chithambaram VR."]
[Result "0-1"]
[WhiteElo "2251"]
[BlackElo "2328"]

1.e4 c5 2.Nf3 Nc6 3.d4 cxd4 4.Nxd4 Nf6 5.Nc3 d6 6.Bg5 Bd7 7.Qd2 Rc8 8.f3 a6
9.O-O-O h6 10.Be3 Nxd4 11.Bxd4 Qa5 12.Kb1 e5 13.Be3 Be6 14.g4 Be7 15.Nd5 Qxd2
16.Rxd2 Nxd5 17.exd5 Bd7 18.h4 f5 19.Rg2 fxg4 20.fxg4 O-O 21.Be2 Bb5 22.Bxb5 axb5
23.Rg3 Rf7 24.g5 h5 25.Kc1 Ra8 26.Kb1 Rc8 27.Kc1 Rf5 28.Kd2 b4 29.Kd3 b5
30.b3 Rc3+ 31.Ke4 g6 32.Rf3 Rxf3 33.Kxf3 Rxc2 34.Ra1 Rb2 35.Bc1 Rh2 36.Kg3 Rc2
37.Be3 Bf8 38.Kf3 Rb2 39.a4 bxa3 40.Rxa3 b4 41.Ra4 Rxb3 42.Ke4 Rb1 43.Kd3 b3
44.Rb4 Bg7 45.Rb8+ Kh7 46.Kc4 b2 47.Bf2 Bf8 48.Rb7+ Kg8 49.Rb8 Kf7 50.Rb7+ Be7
51.Rb8 Bd8 52.Kd3 Rd1+ 53.Kc2 Rxd5 54.Rxb2 Be7 55.Rb7 Ke6 56.Rb8 Ra5 57.Kd1 Ra6
58.Bg3 Ra3 59.Bf2 Ra2 60.Ke1 Rc2  0-1

[Event "Open Hradec Kralove 2013"]
[Site "Hradec Kralove CZE"]
[Date "2013.05.17"]
[Round "4"]
[White "Pulpan,J"]
[Black "Prachar,J"]
[Result "1/2-1/2"]
[WhiteElo "2106"]
[BlackElo "1927"]

1.e4 c5 2.Nf3 Nc6 3.d4 cxd4 4.Nxd4 Nf6 5.Nc3 d6 6.Bg5 e6 7.Qd2 Be7 8.O-O-O O-O
9.Kb1 Nxd4 10.Qxd4 Nxe4 11.Nxe4 Bxg5 12.Nxg5 Qxg5 13.Qxd6 Bd7 14.Qg3 Qxg3
15.hxg3 Bc6 16.Bd3 h6 17.f3 Rad8 18.g4 Rd5 19.c3 Rfd8 20.Kc2 Kf8 21.Be2 Rxd1
22.Rxd1 Rxd1 23.Bxd1 Ke7 24.Kd3 Kd6 25.c4 Ke5 26.g3 g5 27.Ke3 a5 28.Be2 f6
29.b3 Kd6 30.a3 Kc5 31.f4 b6 32.Kd3 e5 33.fxe5 fxe5 34.Kc3 Be4 35.b4+ axb4+
36.axb4+ Kc6 37.Kd2 Kd6 38.Ke3 Bg6 39.Bf3 Bf7 40.Kd3 Bg6+ 41.Be4 Bf7 42.Bf5 Be8
43.Ke4 Bc6+ 44.Kd3 Bb7 45.Ke3 Bc6 46.Bc8 Be8 47.Ke4 Bg6+ 48.Bf5 Be8 49.c5+ bxc5
50.bxc5+ Kxc5 51.Kxe5 h5 52.gxh5 Bxh5 53.Kf6 Kd6 54.Kxg5 Bd1 55.Bg4 Bc2 56.Kf6 Bb3
57.Bf3 Be6 58.Be2 Bd7 59.Bd3 Bg4 60.Bf5 Bd1 61.Kg6 Ke7 62.Bc2  1/2-1/2

[Event "BSG Pinkstertoernooi 2013"]
[Site "Bussum NED"]
[Date "2013.05.18"]
[Round "1.5"]
[White "Ootes,La"]
[Black "Vereggen,L"]
[Result "1-0"]
[WhiteElo "2356"]
[BlackElo "2068"]

1.e4 c5 2.Nf3 d6 3.d4 cxd4 4.Nxd4 Nf6 5.Nc3 Nc6 6.Bg5 e6 7.Qd2 a6 8.O-O-O Bd7
9.f4 Be7 10.Nf3 Qc7 11.e5 dxe5 12.fxe5 Nd5 13.Bxe7 Ncxe7 14.Ne4 O-O 15.Kb1 Bc6
16.c4 Nb6 17.Nd6 Rad8 18.Bd3 Ng6 19.h4 Bxf3 20.gxf3 Nxe5 21.Rhg1 f5 22.Be2 Rd7
23.f4 Ng4 24.Qd4 Nc8 25.c5 Rfd8 26.Bc4 Re7 27.Rge1 Kh8 28.Nf7+  1-0

[Event "Open Hradec Kralove 2013"]
[Site "Hradec Kralove CZE"]
[Date "2013.05.18"]
[Round "5"]
[White "Back,T"]
[Black "Tsapanidis,V"]
[Result "1/2-1/2"]
[WhiteElo "1922"]
[BlackElo "1770"]

1.e4 c5 2.Nf3 Nc6 3.d4 cxd4 4.Nxd4 Nf6 5.Nc3 d6 6.Bg5 a6 7.Qd2 Qb6 8.O-O-O Qxd4
9.Qxd4 Nxd4 10.Rxd4 Be6 11.Bc4 Bxc4 12.Rxc4 Nd7 13.Nd5 Rb8 14.Rd1 h6 15.Be3 e6
16.Nb6 Nxb6 17.Bxb6 Be7 18.f4 O-O 19.Ba5 Rfc8 20.Rcd4 e5 21.fxe5 dxe5 22.Rd5 f6
23.Rd7 Kf8 24.Bc7 Ra8 25.Bd6 Bxd6 26.R1xd6 b5 27.Rb6 Rcb8 28.Rxb8+ Rxb8 29.Ra7 Rb6
30.Kd2 Rd6+ 31.Ke3 Kg8 32.h4 h5 33.c3 Kh7 34.Ke2 Kh6 35.Ra8 g5 36.g3 gxh4
37.gxh4 Kg6 38.Rg8+ Kf7 39.Rh8 Kg6 40.Rf8 Kg7 41.Rc8 Kg6 42.Rc5 Kf7 43.Rc7+ Kg6
44.Rc5  1/2-1/2

[Event "BSG Pinkstertoernooi 2013"]
[Site "Bussum NED"]
[Date "2013.05.19"]
[Round "4.12"]
[White "Moes,W"]
[Black "Plukkel,S"]
[Result "1-0"]
[WhiteElo "2071"]
[BlackElo "2347"]

1.e4 c5 2.Nf3 d6 3.d4 cxd4 4.Nxd4 Nf6 5.Nc3 Nc6 6.Bg5 e6 7.Qd2 Be7 8.O-O-O O-O
9.Ndb5 Qa5 10.Bxf6 Bxf6 11.Nxd6 Rd8 12.f4 e5 13.Qd5 Qxd5 14.exd5 Rxd6 15.Ne4 Rd7
16.Nxf6+ gxf6 17.dxc6 Rxd1+ 18.Kxd1 bxc6 19.Bd3 Be6 20.Re1 Re8 21.Kd2 Bd7
22.b4 Kg7 23.a4 Rb8 24.Kc3 Re8 25.b5 Rc8 26.Kb4 c5+ 27.Kb3 Be6+ 28.Bc4 exf4
29.Bxe6 Re8 30.a5 fxe6 31.Kc4 e5 32.b6 axb6 33.axb6 Rb8 34.Kb5 Kf7 35.c4 Ke6
36.Kxc5 Rc8+ 37.Kb5 f5 38.c5 e4 39.b7 Rb8 40.c6 Kd6 41.Rd1+ Ke7 42.Kb6 f3
43.gxf3 exf3 44.c7  1-0

[Event "22nd TCh-CRO Cup 2013"]
[Site "Bol na Bracu CRO"]
[Date "2013.05.22"]
[Round "1.23"]
[White "Jankovic,Mir"]
[Black "Jankovic,A"]
[Result "0-1"]
[WhiteElo "2075"]
[BlackElo "2537"]

1.e4 c5 2.Nf3 Nc6 3.d4 cxd4 4.Nxd4 Nf6 5.Nc3 d6 6.Bg5 e6 7.Qd2 a6 8.O-O-O Bd7
9.f3 Qc7 10.Kb1 b5 11.Nxc6 Bxc6 12.Ne2 Bb7 13.Nd4 Be7 14.Bd3 O-O 15.g4 Rfd8
16.h4 Rac8 17.h5 d5 18.e5 Ne4 19.fxe4 dxe4 20.Bxe7 Rxd4 21.Bd6 Qc6 22.h6 exd3
23.cxd3 Qe4 24.Rhe1 Qg6 25.hxg7 Bd5 26.Qe3 Rxg4 27.Rc1 Rxc1+ 28.Rxc1 Bc4
29.Qb6 Kxg7 30.Qd8 h5 31.Be7 Qxd3+ 32.Qxd3 Bxd3+ 33.Ka1 h4  0-1

[Event "22nd TCh-CRO Cup 2013"]
[Site "Bol na Bracu CRO"]
[Date "2013.05.22"]
[Round "1.21"]
[White "Zelic,Z"]
[Black "Kozul,Z"]
[Result "0-1"]
[WhiteElo "2382"]
[BlackElo "2624"]

1.e4 c5 2.Nf3 d6 3.d4 cxd4 4.Nxd4 Nf6 5.Nc3 Nc6 6.Bg5 e6 7.Qd2 a6 8.O-O-O h6
9.Be3 Nxd4 10.Bxd4 b5 11.f4 Bb7 12.Qe3 Rc8 13.e5 Nd5 14.Nxd5 Bxd5 15.Bb6 Qd7
16.Bd3 dxe5 17.Qxe5 Qd6 18.Qe3 Qc6 19.Kb1 Bc5 20.Bxc5 Qxc5 21.Qg3 O-O 22.Rhf1 f5
23.Rfe1 b4 24.Qe3 a5 25.Qxc5 Rxc5 26.g3 Rfc8 27.Re5 g6 28.Rde1 Kf7 29.h3 R8c6
30.R5e3 Kf6 31.b3 Rc3 32.Kc1 g5 33.Kd2 Rc8 34.Re5 Rd8 35.Kc1 gxf4 36.gxf4 a4
37.bxa4 Ra3 38.Rxd5 exd5 39.Re5 Rxa2 40.Rxf5+ Ke7 41.Kb1 Rxa4 42.Kb2 Ra3
43.Rh5 Rd6 44.f5 Rc3 45.Rh4 d4 46.f6+ Kf7 47.Bh7 b3 48.cxb3 Rg3  0-1

[Event "Hungarian National Open 2013"]
[Site "Zalakaros HUN"]
[Date "2013.05.22"]
[Round "1"]
[White "Marosi,Le"]
[Black "Rigo,Ja"]
[Result "0-1"]
[WhiteElo "2035"]
[BlackElo "2287"]

1.e4 c5 2.Nf3 Nc6 3.d4 cxd4 4.Nxd4 Nf6 5.Nc3 d6 6.Bg5 Qb6 7.Bxf6 gxf6 8.Nb3 e6
9.Qd2 a5 10.a4 Bd7 11.f4 Nb4 12.Be2 Bc6 13.O-O-O O-O-O 14.Bh5 Rd7 15.f5 exf5
16.exf5 d5 17.Rhe1 Bd6 18.Nd4 Bxh2 19.Qh6 Be5 20.Ndb5 Bxb5 21.Nxb5 Qf2 22.Re2 Bf4+
23.Kb1 Qxe2 24.Qxf6 Qxc2+ 25.Ka1 Qxa4+  0-1

[Event "Hungarian National Open 2013"]
[Site "Zalakaros HUN"]
[Date "2013.05.23"]
[Round "2"]
[White "Nemeth,Mi1"]
[Black "Radnai,A"]
[Result "1-0"]
[WhiteElo "2450"]
[BlackElo "2263"]

1.e4 c5 2.Nf3 d6 3.d4 Nf6 4.Nc3 cxd4 5.Nxd4 Nc6 6.Bg5 e6 7.Qd2 a6 8.O-O-O Bd7
9.f3 b5 10.Nxc6 Bxc6 11.Ne2 Be7 12.h4 d5 13.Nd4 Bb7 14.e5 Nd7 15.f4 h6 16.Bxe7 Qxe7
17.Qe3 Nc5 18.f5 Ne4 19.Bd3 O-O-O 20.fxe6 fxe6 21.Bxe4 dxe4 22.Qc3+ Kb8 23.Nc6+ Bxc6
24.Qxc6 Ka7 25.Qxe4 Rxd1+ 26.Rxd1 Rd8 27.c3 Rxd1+ 28.Kxd1 Qf7 29.Ke2 Qh5+
30.Kd2 Kb8 31.Qd4 Qg6 32.Qb6+ Kc8 33.Qxa6+ Kc7 34.Qd6+ Kb7 35.Qd7+ Kb6 36.g3 Qxg3
37.Qxe6+ Kb7 38.Qd5+ Kb6 39.Qd4+ Kc6 40.a4 Qg2+ 41.Kd1 Qf1+ 42.Kc2 Qf5+ 43.Kb3 Qe6+
44.c4 bxa4+ 45.Kxa4 g5 46.hxg5 hxg5 47.b4 g4 48.b5+ Kb7 49.Kb4 Qf5 50.Qd5+ Kc8
51.b6 Qf8+ 52.Kb5 Qf3 53.Kc6  1-0

[Event "XV Foment Martinenc"]
[Site "Barcelona ESP"]
[Date "2013.05.25"]
[Round "6.4"]
[White "Asis Gargatagli,H"]
[Black "Jerez Perez,A"]
[Result "0-1"]
[WhiteElo "2456"]
[BlackElo "2400"]

1.e4 c5 2.Nf3 d6 3.d4 Nf6 4.Nc3 cxd4 5.Nxd4 Nc6 6.Bg5 e6 7.Bb5 Bd7 8.Bxc6 Bxc6
9.Qd3 Be7 10.O-O-O O-O 11.f4 Qc7 12.Bxf6 Bxf6 13.Nxc6 Qxc6 14.Qxd6 Bxc3 15.Qxc6 Bxb2+
16.Kxb2 bxc6 17.Kc3 Rab8 18.Rb1 f5 19.Rxb8 Rxb8 20.exf5 exf5 21.Re1 Rb5 22.Re8+ Kf7
23.Rc8 Rc5+ 24.Kd3 Rd5+ 25.Ke3 Rc5 26.Kd2 Rd5+ 27.Kc1 Ra5 28.Rc7+ Kf8 29.Kb2 Rb5+
30.Kc3 Rc5+ 31.Kb2 Rb5+ 32.Kc1 Ra5 33.Rxc6 Rxa2 34.Rc5 g6 35.Rc8+ Kg7 36.Rc7+ Kh6
37.Kb1 Ra4 38.c4 g5 39.fxg5+ Kxg5 40.Kb2 h5 41.Kb3  0-1